000 00660nam a2200181 a 4500
001 000042434
005 20201002040143.0
008 131202s2002 xxuf r 000 0 spa d
020 _a0971974500
040 _aDO-SdBNP
_bspa
_cBNPHU
082 _axxxx
_bxxxx
100 1 _aRosane, David
_969576
245 1 0 _aDiscovering the remarkable birds of Punta Cana Dominican Republic. :
_btheir lives and secret behaviors /
_cDavid Rosane, Eloy Rodrigez; photography, Eladio Fernández.
260 _aNew York, :
_bThe Carriage house press,
_c2002.
300 _a60 p. :
_blam. ;
_c29 cm.
700 1 _aRodriguez, Eloy
_969577
700 1 _aFernández, Eladio,
_efot.
_969578
999 _c41923
_d41923